| 000 | 01242 a2200265 4500 | ||
|---|---|---|---|
| 999 |
_c10502 _d10502 |
||
| 020 | _a9781107000148 | ||
| 050 | 0 | 0 | _aB812. NEW2012 |
| 100 |
_aGozzano, Simone _eeditor |
||
| 245 | 0 | 0 |
_aNew perspectives on type identity : _bthe mental and the physical / _cedited by Simone Gozzano and Christopher S. Hill. |
| 264 |
_aNew York: _bCambridge university press., _c2012 |
||
| 300 | _ax, 294 pages ; | ||
| 500 | _aIncludes bibliographical references and index | ||
| 504 | _aIncludes bibliographical references and index. | ||
| 650 | 0 | _aDualism | |
| 650 | 0 | _aTypology (Psychology) | |
| 650 | 0 | _aMaterialism. | |
| 650 | 7 | _aPHILOSOPHY / Mind & Body. | |
| 700 | 1 |
_aHill, Christopher S., _eeditor of compilation. |
|
| 856 | 4 | 2 |
_3Cover image _uhttp://assets.cambridge.org/97811070/00148/cover/9781107000148.jpg |
| 856 | 4 | 2 |
_3Contributor biographical information _uhttp://www.loc.gov/catdir/enhancements/fy1205/2011044364-b.html |
| 856 | 4 | 2 |
_3Publisher description _uhttp://www.loc.gov/catdir/enhancements/fy1205/2011044364-d.html |
| 856 | 4 | 1 |
_3Table of contents only _uhttp://www.loc.gov/catdir/enhancements/fy1205/2011044364-t.html |
| 942 |
_2lcc _cBK _h812 _iNEW _kB |
||